| 000 | 00448nam a2200145Ia 4500 | ||
|---|---|---|---|
| 041 | _aKurdish | ||
| 082 | _a320.019 cut-279 ت | ||
| 100 | _a20260118u\\\\\\\\\\\y0engy0103\\\\ba | ||
| 100 | _aنوورى تاڵەبانى | ||
| 245 | 0 | _aلەپێناو چارەسەرکردنى کێشەکان لە هەرێمى کوردستان | |
| 250 | _aچ1 | ||
| 260 |
_bچاپخانەى دانیشفەر _aهەوڵیر _c2023 |
||
| 300 | _a120 | ||
| 942 | _cBk | ||
| 999 |
_c189928 _d189928 |
||